Word Ladder: Whole Lotta Begetting Goin' On Quiz Stats

 Plays Quiz Updated Jul 5, 2012

Support Sporcle.
Go Orange.
Score 0/30 Timer 03:00
0 Plays Today
Clue Answer % Correct
Algebra, calculus, geometryMATH
96.4%
☩Ark maker and descendant of [# 7]☩NOAH
92.7%
FarewellsBYES
92.3%
Pollinators BEES
92.2%
GamblesBETS
91%
NarcoticMETH
90.8%
____ pit, area at heavy-metal concertMOSH
90.7%
PureeMASH
90.3%
☩The first human, according to the Bible☩ADAM
89%
Subdivisions of a tennis matchSETS
88%
☩2nd son of [# 30], murdered by [# 24]☩ABEL
87.9%
Simpson and LincolnABES
87.2%
Affirmative answersAYES
86.3%
Snack lightlyNOSH
85.3%
☩3rd son of [# 30]☩SETH
85.3%
Clue Answer % Correct
☩Murderer of [# 14], eldest son of [# 30]☩CAIN
81.8%
Front lower legSHIN
79.7%
Lower front of the mandibleCHIN
74.5%
Travelled at great velocitySPED
74.4%
Acquire additional amountsGAIN
72.7%
Metric unit of massGRAM
72.6%
SmirkGRIN
72.5%
Single-storied cabin often found in gardensSHED
72.4%
DourGRIM
66.7%
____ Foley, 'Beverly Hills Cop'AXEL
66.7%
Cancelled, such as a TV showAXED
65.9%
☩Prophet and son of [# 20]☩ARAM
64.2%
Imitated mockinglyAPED
62.9%
Wedge of metal or woodSHIM
47.2%
☩Son of [# 1], father of [# 29]☩SHEM
47%

Today's Daily Dose

You're not logged in!

Compare scores with friends on all Sporcle quizzes.
OR
Log In
Forgot?

From the Vault

Driest Countries

by quizace

Make sure to drink plenty of water before playing this quiz.
Remove Ads.
Support Sporcle.
Get the best of Sporcle when you Go Orange. This ad-free experience offers more features, more stats, and more fun while also helping to support Sporcle. Thank you for becoming a member.

Show Comments

Extras

Top Quizzes Today


Score Distribution

Your Account Isn't Verified!

In order to create a playlist on Sporcle, you need to verify the email address you used during registration. Go to your Sporcle Settings to finish the process.

Report this User

Report this user for behavior that violates our Community Guidelines.

Details: